000 02233cam a22006614i 4500
003 PE-LiUPU
005 20250731170409.0
008 070131s2006 sp a b 000 0 spa d
020 _a8478695249
035 _a(Sirsi) i9788478695249
040 _aPE-LiUPU
_bspa
_cPE-LiUPU
_erda
049 _aPRUA
080 0 _a159.922.72
080 0 _a159.922.8
080 0 _a316.65-053.2
082 0 4 _a155.07
_bM17
100 1 _aMaíllo, José María,
_eautor.
245 1 0 _aPsicología del desarrollo en una perspectiva educativa /
_cJosé María Maíllo.
264 1 _aMadrid :
_bCEPE,
_c[2006].
300 _a268 páginas :
_bilustraciones ;
_c27 centímetros.
336 _atext
_2rdacontent
337 _aunmediated
_2rdamedia
338 _avolume
_2rdacarrier
490 0 _aColección propuestas curriculares ;
_v13
504 _aBibliografía : páginas 263-268.
504 _aIncluye índice.
505 0 _aEdad Bebe (0-12 meses) -- Primera infancia (1-3 años) -- Segunda infancia (3-6 años) -- Tercera infancia (6-9 años) -- Madurez infantil -- (9-12 años) Pre adolescencia (12-14 años) -- Adolescencia (14-16 años).
526 _aSEG68
526 _aSEG70
526 _aSEG69
526 _aSEG67
526 _aSEG43
526 _aP144
526 _aP143
526 _aP131
526 _aP122
526 _aP120
526 _aP117
526 _aP112
526 _aP110
526 _aP106
526 _aP101
526 _aP80
526 _aP59
526 _aP54
526 _aP35
526 _aP33
526 _aP30
650 7 _aAdolescentes
_xPsicología.
_2embne
650 7 _aNiños
_xDesarrollo.
_2embne
910 _ajck
_cng
_d110914
942 _2ddc
_cBOOK
949 _a155.07 M17
_wDEWEY
_c1
_i70341
_d2016-11-2
_e2016-10-27
_lCCODEBUL1
_mBUL
_n5
_p58.00
_r0
_sY
_tBOOK
_u2015-7-31
_xSALUD
_PP33
_0COMPRA
_o.STAFF. Colección General
994 _aC0
_bPEPRU
596 _a1
999 _a155.07 M17
_wDEWEY
_c6600
_i70341
_d6600
_e2019-9-11
_f2021-11-3
_g5
_lCCODEBUL1
_mBUL
_n9
_p58.00
_q5
_r0
_sY
_tBOOK
_u2015-7-31
_xSALUD
_PP33
_0COMPRA
_o.STAFF. Colección Ciencias de la Salud
980 _81
_gALBERTO SANCHEZ Responsable de Automatización